000 00317nam a22001337a 4500
008 171003b xxu||||| |||| 00| 0 eng d
020 _a9781558610835
041 _aeng
080 _a159.9
100 _a48
101 _aPSIO
245 _aWOMEN OF COLOR MULTICULRURAL CURRICULUM
_cMATTA.L
942 _2udc
_cBK
999 _c31535
_d31535